=LDR 00000nam 2200000 4500 =001 INLIS000000000056028 =005 20200812084439 =035 ##$$a 0010-0820000169 =007 ta =008 200812###########################0#eng## =020 ##$$a 979 95003 0 3 =082 ##$$a 307.959.862 =084 ##$$a 307.959.862 Mad s =100 #$$a Made Wijaya =245 1#$$a Stranger In Paradise /$c Made Wijaya =260 ##$$a Bali - Indonesia :$b PT. Tribwana Indosekar,$c 1995 =300 ##$$a 260 Halaman : $b Ilustrasi ; $c 28 Cm. =650 #4$$a Bali - Kehidupan Sosial - Adat istiadat =520 ##$$a Index: 258-260 =990 ##$$a 07510751